Entremes de los caldereros (Registro nro. 136888)

Detalles MARC
000 -CABECERA
campo de control de longitud fija 02308cam a2200529 a 4500
001 - NÚMERO DE CONTROL
campo de control 991017138109706706
003 - IDENTIFICADOR DEL NÚMERO DE CONTROL
campo de control ES-BaIT
005 - FECHA Y HORA DE LA ÚLTIMA TRANSACCIÓN
campo de control 20260119102516.0
008 - DATOS DE LONGITUD FIJA--INFORMACIÓN GENERAL
campo de control de longitud fija 080813q17661804sp 000 d spa c
026 ## - IDENTIFICADOR DE HUELLA DIGITAL
Huella digital no analizada n,o; gon, dos. EsEy 3 ca. 1800 Q
Fuente fei
035 ## - NÚMERO DE CONTROL DEL SISTEMA
Número de control de sistema (ES-BaCBU).b44311655
040 ## - FUENTE DE LA CATALOGACIÓN
Centro catalogador/agencia de origen ES-VaUB.
Lengua de catalogación cat.
Centro/agencia transcriptor ES-VaUB
Centro/agencia modificador ES-BaBC
080 ## - NÚMERO DE LA CLASIFICACIÓN DECIMAL UNIVERSAL
Número de la Clasificación Decimal Universal 860-2"17"
080 ## - NÚMERO DE LA CLASIFICACIÓN DECIMAL UNIVERSAL
Número de la Clasificación Decimal Universal 821.134.2-2
Subdivisión auxiliar común "18"
Identificador de la edición 2004
245 00 - MENCIÓN DE TÍTULO
Título Entremes de los caldereros
246 32 - FORMA VARIANTE DE TÍTULO
Título propio/Titulo breve Caldereros
260 ## - PUBLICACIÓN, DISTRIBUCIÓN, ETC.
Lugar de publicación, distribución, etc. [Madrid] :
Nombre del editor, distribuidor, etc. se hallará en la Librería de Quiroga, calle de la Concepcion Gerónima,
Fecha de publicación, distribución, etc. [entre 1766 i 1804]
300 ## - DESCRIPCIÓN FÍSICA
Extensión 16 p. ;
Dimensiones 8º (16 cm)
500 ## - NOTA GENERAL
Nota general Tít. obtingut de l'epígraf
500 ## - NOTA GENERAL
Nota general Menció de l'impr. obtinguda del colofó. Data aprox. deduïda de l'any de mort de l'impr.
500 ## - NOTA GENERAL
Nota general Text a 1 col. Reclams
500 ## - NOTA GENERAL
Nota general Sign.: [ ]8
500 ## - NOTA GENERAL
Nota general P5: D2, H3
510 4# - NOTA DE CITAS O REFERENCIAS BIBLIOGRÁFICAS
Nombre de la fuente CCPB,
Localización dentro de la fuente CCPB000643274-3
510 4# - NOTA DE CITAS O REFERENCIAS BIBLIOGRÁFICAS
Nombre de la fuente Vega García Luengos, Germán, Fernández Lera, Rosa, Rey Sayagués, Andrés del. Ediciones de teatro español en la Biblioteca de Menéndez Pelayo,
Localización dentro de la fuente 660
533 ## - NOTA DE REPRODUCCIÓN
Tipo de reproducción Reproducció digital disponible a Biblioescènic
593 00 - Camps col·lecció exemplar
Signatura topogràfica i/o núm. de registre VIT-081/17.
Notes Relligat en volum factici.
Digitalització Exemplar digitalitzat per Crossland.
Nom de la col·lecció especial Artur Sedó
593 00 - Camps col·lecció exemplar
Notes holand. marrón
593 00 - Camps col·lecció exemplar
Notes holand. azul
593 00 - Camps col·lecció exemplar
Notes holand. granate. Procedència: Col·lecció Joaquín Montaner
650 04 - PUNTO DE ACCESO ADICIONAL DE MATERIA--TÉRMINO DE MATERIA
Término de materia o nombre geográfico como elemento de entrada Teatre castellà
Subdivisión cronológica S. XVIII
Subdivisión general Obres anteriors a 1800
650 #0 - PUNTO DE ACCESO ADICIONAL DE MATERIA--TÉRMINO DE MATERIA
Término de materia o nombre geográfico como elemento de entrada Entremesos
Subdivisión cronológica S. XVIII
9 (RLIN) 162695
710 2# - ENTRADA AGREGADA--NOMBRE DE ENTIDAD CORPORATIVA
Nombre de entidad corporativa o nombre de jurisdicción como elemento de entrada Libreria de Quiroga,
Fecha del congreso o de la firma del tratado actiu 1766?-1804,
Término indicativo de función/relación impressor
730 0# - ENTRADA AGREGADA--TÍTULO UNIFORME
Título uniforme Col·lecció digital Biblioescènic del MAE
9 (RLIN) 69172
752 ## - ENTRADA AGREGADA--NOMBRE JERÁRQUICO DEL LUGAR
Ciudad Madrid
856 41 - LOCALIZACIÓN Y ACCESO ELECTRÓNICOS
Nota pública Accés lliure (Biblioescènic)
Especificación de materiales Exemplar VIT-081/17
Identificador Uniforme del Recurso <a href="https://books.cdmae.cat/visorpdf/?recurs=SV0081-17">https://books.cdmae.cat/visorpdf/?recurs=SV0081-17</a>
856 42 - LOCALIZACIÓN Y ACCESO ELECTRÓNICOS
Especificación de materiales Fitxa del catàleg manual
Identificador Uniforme del Recurso <a href="http://www.cdmae.cat/sedo/imgtitulos/010/P0001045.gif">http://www.cdmae.cat/sedo/imgtitulos/010/P0001045.gif</a>
856 42 - LOCALIZACIÓN Y ACCESO ELECTRÓNICOS
Especificación de materiales Fitxa del catàleg manual
Identificador Uniforme del Recurso <a href="http://www.cdmae.cat/sedo/imgtitulos/010/P0001046.gif">http://www.cdmae.cat/sedo/imgtitulos/010/P0001046.gif</a>
856 42 - LOCALIZACIÓN Y ACCESO ELECTRÓNICOS
Especificación de materiales Fitxa del catàleg manual
Identificador Uniforme del Recurso <a href="http://www.cdmae.cat/sedo/imgtitulos/010/P0001047.gif">http://www.cdmae.cat/sedo/imgtitulos/010/P0001047.gif</a>
902 ## - ELEMENTOS DE DATOS B LOCAL, LDB (RLIN)
a Fons antic
902 ## - ELEMENTOS DE DATOS B LOCAL, LDB (RLIN)
a Patrimoni
908 ## - COLOCAR PARÁMETRO DE COMANDO (RLIN)
Colocar parámetro de comando AHCB
-- BC
-- CDMAE
910 1# - DATOS DE OPCIÓN DEL USUARIO (OCLC)
Datos de opción del usuario Quiroga,
940 ## - EQUIVALENCIA O REFERENCIA-CRUZADA--TÍTULO UNIFORME [OBSOLETO] [solamente CAN/MARC]
Título uniforme <a href="RB">RB</a>
942 ## - ELEMENTOS DE ENTRADA AGREGADA (KOHA)
Fuente del sistema de clasificación o colocación Clasificación decimal universal
Tipo de ítem Koha Digital
Existencias
Estado de retiro Estado de pérdida Fuente del sistema de clasificación o colocación Estado dañado No para préstamo Código de colección Localización permanente Ubicación/localización actual Ubicación en estantería Fecha de adquisición Fuente de adquisición Total de préstamos Signatura topográfica completa Código de barras Fecha visto por última vez Precio válido a partir de Tipo de ítem Koha
    Clasificación decimal universal   Exclòs de préstec Artur Sedó Biblioteca Barcelona Biblioteca Barcelona BCN Magatzem Sedó Vitrina 19/01/2026 Reconversió   VIT-081/17 vit08117 19/01/2026 19/01/2026 Antiquària

Con tecnología Koha